| 000 | 00712nam a2200217 ar4500 | ||
|---|---|---|---|
| 001 | 2494 | ||
| 005 | 20221127090448.0 | ||
| 008 | 110313s at a 00110 eng d | ||
| 020 | _a1740910737(pbk) | ||
| 082 | 0 | 4 |
_a428.2407 _bC839 2004 |
| 100 | 1 | _aCox, Kathy. | |
| 245 | 1 | 0 |
_aEnglish for academic purposes. _pStudent's book / _cKathy Cox, David Hill. |
| 246 | 0 | _aEAP now !. | |
| 260 |
_aAustralia : _bPearson Education/Longman, _c2004. |
||
| 300 |
_axi, 268 p. : _bill. ; _c30 cm. |
||
| 500 | _aAt the head of title: EAP now!. | ||
| 504 | _aIncludes bibl. references and index. | ||
| 650 | 4 |
_aEnglish language _xStudy and teaching. |
|
| 650 | 4 |
_aEnglish language _vTextbooks. |
|
| 700 | 0 |
_aHill, David, _ejt. auth. |
|
| 999 |
_c2492 _d2492 |
||